Suomen kunnat, joiden nimessä on D - Statistics

Yleistilastot
  • Tätä visaa on pelattu 156 kertaa
  • Keskiarvotulos 9 / 12
Vastaustilastot
Maakunta Kunta % Oikein
Ahvenanmaa Hammarland
86%
Lappi Sodankylä
85%
Ahvenanmaa Sund
85%
Ahvenanmaa Brändö
84%
Pohjois-Pohjanmaa Pudasjärvi
82%
Ahvenanmaa Vårdö
82%
Ahvenanmaa Lumparland
81%
Päijät-Häme Padasjoki
80%
Ahvenanmaa Lemland
79%
Pohjanmaa Pedersören kunta
76%
Keski-Suomi Pihtipudas
69%
Pirkanmaa Punkalaidun
52%
Ehtoja vastaavia visoja ei löytynyt
Tulosjakauma
Jokaisen tuloksen saaneiden osuus
Persentiili vastausten määrän mukaan
Tuloshistoriasi
Et ole pelannut tätä visaa